00389nam a2200145Ia 4500008004100000020001800041041000800059082001600067100004800083245002900131250000600160260003900166300001000205650002800215210716s2009 xx 000 0 und d a9788131722381 aeng a005.73 BANS aBandyopadhyay, Samir Kumar;Dey, Kashi Nath. aData structures using c. a1 aNew DelhibPearson Educationc2009 ax,312 aData Structures(005.73)